| 000 | 00585nam a2200205 a 4500 | ||
|---|---|---|---|
| 005 | 20210219150115.0 | ||
| 008 | 991125 1988 mx 000 0 spa u | ||
| 020 | _a9688133434 | ||
| 035 | _aUPN01000007611 | ||
| 049 | _aCG | ||
| 050 | 4 |
_aHD6951 _bC82 no.20 |
|
| 100 | 1 | _aOrtiz Hernán, Gustavo | |
| 245 | 1 | 0 |
_aChimeneas / _cGustavo Ortiz Hernán. |
| 260 |
_aMéxico : _bSTPS, _c1988. |
||
| 300 |
_a204 p. : _bil. |
||
| 440 | 0 |
_aCuadernos obreros ; _v20 |
|
| 650 | 4 |
_aTRABAJO Y TRABAJADORES - _xASPECTOS SOCIALES |
|
| 650 | 4 | _aTRABAJO Y TRABAJADORES EN LA LITERATURA | |
| 905 | _aLibro | ||
| 999 |
_c7611 _d7611 |
||